Holiday Quiz

Random Holiday or Halloween Quiz

Have Another (Rubber) Ducky Halloween! Quiz Stats

 Plays Quiz Updated Oct 12, 2017

Challenge
Share
Tweet
Score 0/20 Timer 04:00
7 Plays Today
% Correct
Father Quackmas
98.4%
Captain Ameriquack
96.8%
Frosty the Snowduck
96.5%
Duck of Liberty
96.2%
Baby Duck
95.6%
Quackmas Tree
95.4%
Duck Smurf
95.1%
Quackagawea
93.1%
Robin the Duck Wonder
92.9%
Kitty Quack
92.8%
% Correct
Uncle Duck
88.2%
Angelic Duck
84.5%
Merduck
82.2%
Duck Mummy
81.9%
Chewquacka
81%
Clown Duck
80.8%
Monsieur le Duck
65%
Napoléon Bonaquack
63.3%
Duck Sheikh
55.3%
Ducklai Lama
52.2%

You're not logged in!

Compare scores with friends on all Sporcle quizzes.
Join for Free
OR
Log In

You Might Also Like...

Show Comments

Extras

Top Quizzes Today


Score Distribution

Your Account Isn't Verified!

In order to create a playlist on Sporcle, you need to verify the email address you used during registration. Go to your Sporcle Settings to finish the process.

Report this User

Report this user for behavior that violates our Community Guidelines.

Details: